[Event "eytcc"]
[Site "?"]
[Date "2017.08.23"]
[Round "7.18"]
[White "Havelka, Josef"]
[Black "Kozak, Adam"]
[Result "0-1"]
[BlackElo "2422"]
[WhiteElo "2338"]
[LiveChessVersion "1.4.4"]

1. e4 {[%clk 1:30:57]} e5 {[%clk 1:30:35]} 2. Nf3 {[%clk 1:31:22]} Nc6
{[%clk 1:30:37]} 3. Bb5 {[%clk 1:31:36]} a6 {[%clk 1:30:58]} 4. Ba4
{[%clk 1:32:02]} Nf6 {[%clk 1:31:03]} 5. O-O {[%clk 1:32:12]} Be7
{[%clk 1:31:25]} 6. Re1 {[%clk 1:32:35]} b5 {[%clk 1:31:25]} 7. Bb3
{[%clk 1:33:00]} d6 {[%clk 1:31:41]} 8. c3 {[%clk 1:33:22]} O-O {[%clk 1:31:35]}
9. d4 {[%clk 1:33:41]} Bg4 {[%clk 1:31:04]} 10. Be3 {[%clk 1:34:04]} Bh5
{[%clk 1:31:00]} 11. h3 {[%clk 1:32:40]} exd4 {[%clk 1:30:57]} 12. cxd4
{[%clk 1:32:59]} Na5 {[%clk 1:31:23]} 13. Bc2 {[%clk 1:32:54]} Nc4
{[%clk 1:31:42]} 14. Bc1 {[%clk 1:33:07]} d5 {[%clk 1:32:09]} 15. e5
{[%clk 1:27:05]} Ne4 {[%clk 1:32:27]} 16. Nc3 {[%clk 1:14:21]} Nxc3
{[%clk 1:32:51]} 17. bxc3 {[%clk 1:14:48]} a5 {[%clk 1:33:11]} 18. g4
{[%clk 1:10:53]} Bg6 {[%clk 1:33:39]} 19. Bf5 {[%clk 1:10:23]} Ra6
{[%clk 1:30:33]} 20. Qd3 {[%clk 1:03:34]} b4 {[%clk 1:01:48]} 21. Kh2
{[%clk 0:46:48]} bxc3 {[%clk 0:49:08]} 22. Re2 {[%clk 0:36:11]} Rc6
{[%clk 0:43:30]} 23. h4 {[%clk 0:32:39]} Nd2 {[%clk 0:32:49]} 24. Nxd2
{[%clk 0:29:01]} cxd2 {[%clk 0:32:49]} 25. Bxd2 {[%clk 0:28:39]} Bxh4
{[%clk 0:32:35]} 26. Bxa5 {[%clk 0:24:02]} Bxf5 {[%clk 0:24:04]} 27. Qxf5
{[%clk 0:21:28]} Rc4 {[%clk 0:22:16]} 28. Rd1 {[%clk 0:18:16]} g6
{[%clk 0:20:07]} 29. Qf3 {[%clk 0:14:10]} f5 {[%clk 0:18:39]} 30. Kg2
{[%clk 0:08:08]} Bg5 {[%clk 0:13:19]} 31. Bd2 {[%clk 0:06:46]} c6
{[%clk 0:11:11]} 32. e6 {[%clk 0:06:21]} fxg4 {[%clk 0:10:03]} 33. Qxg4
{[%clk 0:06:24]} Rf5 {[%clk 0:09:48]} 34. Rb1 {[%clk 0:04:59]} Qe7
{[%clk 0:08:08]} 35. Qg3 {[%clk 0:03:42]} Bxd2 {[%clk 0:07:35]} 36. Rb8+
{[%clk 0:01:57]} Kg7 {[%clk 0:07:15]} 37. Rb7 {[%clk 0:01:45]} Qxb7
{[%clk 0:07:22]} 38. e7 {[%clk 0:02:11]} Rg5 {[%clk 0:03:44]} 39. e8=Q
{[%clk 0:02:26]} Rxg3+ {[%clk 0:03:57]} 40. fxg3 {[%clk 0:32:29]} Bg5
{[%clk 0:34:01]} 41. Qe5+ {[%clk 0:31:30]} Bf6 {[%clk 0:33:56]} 42. Qd6
{[%clk 0:31:45]} Qf7 {[%clk 0:30:57]} 43. Rb2 {[%clk 0:31:33]} Bxd4
{[%clk 0:30:28]} 44. Re2 {[%clk 0:31:31]} Bf6 {[%clk 0:30:48]} 0-1

[Event "eytcc"]
[Site "?"]
[Date "2017.08.23"]
[Round "7.19"]
[White "Havasi, Gergo"]
[Black "Kozusek, Daniel"]
[Result "1/2-1/2"]
[BlackElo "2296"]
[WhiteElo "2380"]
[LiveChessVersion "1.4.4"]

1. e4 {[%clk 1:30:42]} e6 {[%clk 1:30:16]} 2. d4 {[%clk 1:31:08]} d5
{[%clk 1:30:44]} 3. Nd2 {[%clk 1:31:28]} Be7 {[%clk 1:30:58]} 4. e5
{[%clk 1:31:05]} c5 {[%clk 1:30:45]} 5. Qg4 {[%clk 1:30:58]} Kf8 {[%clk 1:30:35]}
6. Ndf3 {[%clk 1:29:55]} Nc6 {[%clk 1:25:24]} 7. Bd3 {[%clk 1:26:48]} cxd4
{[%clk 1:20:50]} 8. Ne2 {[%clk 1:20:15]} h5 {[%clk 1:10:31]} 9. Qg3
{[%clk 1:09:50]} h4 {[%clk 1:09:21]} 10. Qg4 {[%clk 1:03:07]} f5 {[%clk 1:08:08]}
11. Qf4 {[%clk 0:54:25]} Nh6 {[%clk 0:53:46]} 12. Nfxd4 {[%clk 0:51:13]} g5
{[%clk 0:52:42]} 13. Nxc6 {[%clk 0:51:22]} bxc6 {[%clk 0:53:01]} 14. Qa4
{[%clk 0:50:32]} Nf7 {[%clk 0:53:14]} 15. Qxc6 {[%clk 0:46:20]} Bd7
{[%clk 0:53:05]} 16. Qa6 {[%clk 0:45:58]} h3 {[%clk 0:46:34]} 17. g3
{[%clk 0:45:44]} Nxe5 {[%clk 0:46:34]} 18. f4 {[%clk 0:45:05]} Nf3+
{[%clk 0:37:38]} 19. Kf2 {[%clk 0:42:58]} Bc8 {[%clk 0:31:49]} 20. Qc6
{[%clk 0:42:26]} Bd7 {[%clk 0:30:32]} 21. Qa6 {[%clk 0:28:02]} Bc8
{[%clk 0:17:22]} 22. Qc6 {[%clk 0:28:11]} Bd7 {[%clk 0:17:34]} 23. Qa6 1/2-1/2

[Event "eytcc"]
[Site "?"]
[Date "2017.08.23"]
[Round "7.20"]
[White "Zeman, Matyas"]
[Black "Bohus, Adam"]
[Result "1/2-1/2"]
[BlackElo "2299"]
[WhiteElo "2168"]
[LiveChessVersion "1.4.4"]

1. e4 {[%clk 1:30:56]} e5 {[%clk 1:30:48]} 2. Nf3 {[%clk 1:31:21]} Nc6
{[%clk 1:31:03]} 3. d4 {[%clk 1:31:43]} exd4 {[%clk 1:29:09]} 4. Nxd4
{[%clk 1:32:08]} Bc5 {[%clk 1:26:33]} 5. Be3 {[%clk 1:32:30]} Qf6
{[%clk 1:25:30]} 6. c3 {[%clk 1:32:51]} Nge7 {[%clk 1:25:11]} 7. Bb5
{[%clk 1:33:03]} d6 {[%clk 1:21:03]} 8. O-O {[%clk 1:32:44]} O-O {[%clk 1:18:35]}
9. Bxc6 {[%clk 1:32:52]} bxc6 {[%clk 1:14:08]} 10. Nc2 {[%clk 1:33:14]} Bxe3
{[%clk 1:06:14]} 11. Nxe3 {[%clk 1:33:35]} Qg6 {[%clk 1:03:33]} 12. Nd2
{[%clk 1:29:18]} Rb8 {[%clk 1:00:14]} 13. b3 {[%clk 1:24:48]} f5 {[%clk 0:56:36]}
14. exf5 {[%clk 1:19:31]} Nxf5 {[%clk 0:54:48]} 15. Ndc4 {[%clk 1:19:25]} Nh4
{[%clk 0:46:58]} 16. Kh1 {[%clk 1:15:59]} Rb5 {[%clk 0:34:26]} 17. f4
{[%clk 1:06:10]} Rh5 {[%clk 0:24:34]} 18. Qc2 {[%clk 0:49:05]} Qh6
{[%clk 0:14:03]} 19. g4 {[%clk 0:45:02]} Rc5 {[%clk 0:13:02]} 20. g5
{[%clk 0:45:19]} Qh5 {[%clk 0:11:58]} 21. Qe4 {[%clk 0:42:00]} Re8
{[%clk 0:08:54]} 22. Qd3 {[%clk 0:41:38]} Nf5 {[%clk 0:07:18]} 23. Nxf5
{[%clk 0:32:59]} Bxf5 {[%clk 0:07:29]} 24. Qg3 {[%clk 0:33:22]} Re2
{[%clk 0:05:46]} 25. Rf2 {[%clk 0:32:50]} Rxf2 {[%clk 0:05:37]} 26. Qxf2
{[%clk 0:33:16]} Be4+ {[%clk 0:05:24]} 27. Kg1 {[%clk 0:33:42]} Qg4+
{[%clk 0:05:11]} 28. Qg3 {[%clk 0:34:03]} Qxg3+ {[%clk 0:05:07]} 29. hxg3
{[%clk 0:34:30]} d5 {[%clk 0:05:31]} 30. Re1 {[%clk 0:34:21]} dxc4
{[%clk 0:03:02]} 31. b4 {[%clk 0:34:38]} Rd5 {[%clk 0:02:42]} 32. Rxe4
{[%clk 0:35:02]} Rd1+ {[%clk 0:02:23]} 33. Kf2 {[%clk 0:34:13]} Rd2+
{[%clk 0:02:43]} 34. Kf3 {[%clk 0:34:07]} Rd3+ {[%clk 0:02:00]} 35. Re3
{[%clk 0:34:32]} Rd2 {[%clk 0:02:26]} 36. a4 {[%clk 0:34:59]} Ra2
{[%clk 0:02:28]} 37. Re4 {[%clk 0:33:03]} Rxa4 {[%clk 0:02:46]} 38. Rxc4
{[%clk 0:33:28]} a5 {[%clk 0:02:47]} 39. Rxc6 {[%clk 0:33:48]} axb4
{[%clk 0:02:34]} 40. cxb4 {[%clk 1:04:14]} Rxb4 {[%clk 0:32:00]} 41. Rxc7
{[%clk 1:04:39]} Rb3+ {[%clk 0:24:26]} 42. Kg4 {[%clk 1:04:10]} g6
{[%clk 0:24:32]} 43. Kh4 {[%clk 1:03:36]} Ra3 {[%clk 0:24:13]} 44. Rc6
{[%clk 1:02:56]} Kg7 {[%clk 0:23:34]} 45. Rc7+ {[%clk 1:02:46]} Kg8
{[%clk 0:23:58]} 46. Rc8+ {[%clk 1:03:07]} 1/2-1/2

[Event "eytcc"]
[Site "?"]
[Date "2017.08.23"]
[Round "7.21"]
[White "Janik, Igor"]
[Black "Nayhebaver, Martin"]
[Result "1-0"]
[BlackElo "2451"]
[WhiteElo "2420"]
[LiveChessVersion "1.4.4"]

1. e4 {[%clk 1:30:59]} c5 {[%clk 1:30:43]} 2. Ne2 {[%clk 1:31:23]} Nc6
{[%clk 1:30:48]} 3. d4 {[%clk 1:31:38]} cxd4 {[%clk 1:31:04]} 4. Nxd4
{[%clk 1:32:06]} Nf6 {[%clk 1:31:04]} 5. Nc3 {[%clk 1:32:29]} d6 {[%clk 1:31:03]}
6. Bg5 {[%clk 1:32:47]} e6 {[%clk 1:30:44]} 7. Qd2 {[%clk 1:33:07]} Be7
{[%clk 1:30:41]} 8. O-O-O {[%clk 1:33:10]} a6 {[%clk 1:30:47]} 9. f4
{[%clk 1:31:22]} Nxd4 {[%clk 1:30:09]} 10. Qxd4 {[%clk 1:31:45]} b5
{[%clk 1:30:21]} 11. Bxf6 {[%clk 1:27:55]} gxf6 {[%clk 1:30:44]} 12. f5
{[%clk 1:27:02]} Bd7 {[%clk 1:28:51]} 13. Be2 {[%clk 1:25:54]} O-O
{[%clk 1:28:22]} 14. Rd3 {[%clk 1:21:34]} Kh8 {[%clk 1:28:38]} 15. Bh5
{[%clk 1:21:57]} a5 {[%clk 1:01:48]} 16. Rf3 {[%clk 1:08:29]} b4 {[%clk 0:55:32]}
17. Nd1 {[%clk 1:08:41]} Rc8 {[%clk 0:52:30]} 18. Rhf1 {[%clk 1:02:07]} Qc7
{[%clk 0:47:50]} 19. Qd2 {[%clk 1:02:30]} Qc4 {[%clk 0:45:40]} 20. Kb1
{[%clk 1:02:52]} Qxe4 {[%clk 0:41:13]} 21. Rf4 {[%clk 1:02:36]} Qc6
{[%clk 0:39:55]} 22. Ne3 {[%clk 1:02:15]} d5 {[%clk 0:29:02]} 23. Rh4
{[%clk 1:01:30]} Be8 {[%clk 0:05:47]} 24. Ng4 {[%clk 0:59:40]} exf5
{[%clk 0:03:03]} 25. Nh6 {[%clk 0:59:36]} b3 {[%clk 0:01:42]} 26. axb3
{[%clk 0:58:37]} Bb4 {[%clk 0:01:59]} 27. c3 {[%clk 0:58:06]} Bc5
{[%clk 0:00:54]} 28. Bd1 {[%clk 0:55:57]} Bd7 {[%clk 0:00:40]} 29. Nxf5
{[%clk 0:55:46]} Bxf5+ {[%clk 0:00:33]} 30. Rxf5 {[%clk 0:56:08]} Qe6
{[%clk 0:00:31]} 31. Qd3 {[%clk 0:52:48]} Rg8 {[%clk 0:00:33]} 32. Re5
{[%clk 0:52:25]} 1-0

[Event "eytcc"]
[Site "?"]
[Date "2017.08.23"]
[Round "7.22"]
[White "Pechac, Jergus"]
[Black "Nowak, Kamil"]
[Result "1-0"]
[BlackElo "2318"]
[WhiteElo "2441"]
[LiveChessVersion "1.4.4"]

1. c4 {[%clk 1:30:59]} e6 {[%clk 1:29:23]} 2. Nc3 {[%clk 1:31:15]} d5
{[%clk 1:29:47]} 3. d4 {[%clk 1:31:41]} Be7 {[%clk 1:30:04]} 4. Nf3
{[%clk 1:32:03]} Nf6 {[%clk 1:30:28]} 5. Bf4 {[%clk 1:32:29]} O-O
{[%clk 1:30:36]} 6. e3 {[%clk 1:32:58]} c5 {[%clk 1:30:32]} 7. dxc5
{[%clk 1:33:22]} Bxc5 {[%clk 1:30:56]} 8. cxd5 {[%clk 1:33:49]} Nxd5
{[%clk 1:30:14]} 9. Nxd5 {[%clk 1:34:16]} exd5 {[%clk 1:30:34]} 10. Bd3
{[%clk 1:34:42]} Bb4+ {[%clk 1:28:04]} 11. Nd2 {[%clk 1:35:08]} Nc6
{[%clk 1:28:01]} 12. O-O {[%clk 1:35:02]} Bd6 {[%clk 1:28:24]} 13. Bxd6
{[%clk 1:31:05]} Qxd6 {[%clk 1:28:48]} 14. Nb3 {[%clk 1:29:55]} Be6
{[%clk 1:21:04]} 15. Bb5 {[%clk 1:27:41]} Ne5 {[%clk 1:08:17]} 16. Be2
{[%clk 1:23:10]} Rfd8 {[%clk 0:59:13]} 17. Nd4 Rac8 {[%clk 0:56:13]} 18. Qb3
{[%clk 1:13:35]} b6 {[%clk 0:51:10]} 19. Rfd1 {[%clk 1:11:45]} Nc4
{[%clk 0:47:13]} 20. Nb5 {[%clk 1:08:46]} Qb8 {[%clk 0:44:50]} 21. Rd4
{[%clk 1:09:03]} a6 {[%clk 0:41:34]} 22. Nc3 {[%clk 1:09:09]} b5 {[%clk 0:40:03]}
23. Bf3 {[%clk 1:03:33]} Qe5 {[%clk 0:36:42]} 24. Rad1 {[%clk 1:03:31]} Na5
{[%clk 0:34:10]} 25. Qc2 {[%clk 1:01:24]} Rc4 {[%clk 0:32:19]} 26. Qd2
{[%clk 0:53:15]} Rxd4 {[%clk 0:31:13]} 27. Qxd4 {[%clk 0:53:38]} Qxd4
{[%clk 0:30:10]} 28. Rxd4 {[%clk 0:54:03]} Nc6 {[%clk 0:27:54]} 29. Rd1
{[%clk 0:54:29]} Ne7 {[%clk 0:26:28]} 30. Nxd5 {[%clk 0:54:44]} Bxd5
{[%clk 0:24:52]} 31. e4 {[%clk 0:54:38]} Nc8 {[%clk 0:23:49]} 32. exd5
{[%clk 0:54:16]} Nd6 {[%clk 0:23:13]} 33. Rc1 {[%clk 0:54:33]} Kf8
{[%clk 0:22:51]} 34. Rc6 {[%clk 0:53:44]} Rc8 {[%clk 0:22:26]} 35. Kf1
{[%clk 0:53:32]} Rxc6 {[%clk 0:22:26]} 36. dxc6 {[%clk 0:53:57]} Ke7
{[%clk 0:22:35]} 37. Ke2 {[%clk 0:54:15]} Ne8 {[%clk 0:19:09]} 38. Bd5
{[%clk 0:50:58]} Nc7 {[%clk 0:18:32]} 39. Bb3 {[%clk 0:51:24]} f6
{[%clk 0:18:06]} 40. Ke3 {[%clk 1:21:42]} Kd6 {[%clk 0:44:25]} 41. Bg8
{[%clk 1:22:04]} h6 {[%clk 0:42:45]} 42. Ke4 {[%clk 1:22:20]} g6 {[%clk 0:40:05]}
43. Bf7 {[%clk 1:21:42]} f5+ {[%clk 0:40:15]} 44. Kf4 {[%clk 1:22:06]} Ne6+
{[%clk 0:40:35]} 45. Bxe6 {[%clk 1:22:32]} Kxe6 {[%clk 0:40:59]} 46. h4
{[%clk 1:22:58]} Kd6 {[%clk 0:41:09]} 47. h5 {[%clk 1:23:14]} gxh5
{[%clk 0:41:28]} 48. Kxf5 {[%clk 1:23:40]} Kxc6 {[%clk 0:41:53]} 49. Kg6
{[%clk 1:24:08]} 1-0

[Event "eytcc"]
[Site "?"]
[Date "2017.08.23"]
[Round "7.23"]
[White "Gumularz, Szymon"]
[Black "Karas, Marek"]
[Result "1/2-1/2"]
[BlackElo "2256"]
[WhiteElo "2342"]
[LiveChessVersion "1.4.4"]

1. e4 e6 2. d4 d5 3. Nc3 Nf6 4. e5 Nfd7 5. f4 c5 6. Nf3 Nc6 7. Be3 a6 8. Qd2 b5
9. dxc5 Bxc5 10. Bd3 Qb6 11. Bf2 Bxf2+ 12. Qxf2 Qxf2+ 13. Kxf2 O-O 14. Rhe1 Nc5
15. Ke3 b4 16. Ne2 Bb7 17. Ned4 Nxd4 18. Nxd4 Na4 19. b3 Nc5 20. a3 a5 21. g4
Rfc8 22. Ra2 f6 23. axb4 axb4 24. Rea1 fxe5 25. fxe5 Rab8 26. Ra7 Nd7 27. R1a4
Nxe5 28. Rxb4 Bc6 29. Rxb8 Rxb8 30. Kf4 Nxd3+ 31. cxd3 Bb5 32. Nxe6 Bxd3 33.
Rxg7+ Kh8 34. Rd7 Bc2 35. h4 Bxb3 36. h5 h6 37. Nd4 Bd1 38. Rd6 Kh7 39. Rd7+ Kh8
40. Rd6 Kh7 41. Rd7+ Kh8 1/2-1/2

[Event "eytcc"]
[Site "?"]
[Date "2017.08.23"]
[Round "7.24"]
[White "Jablonicky, Martin"]
[Black "Kosakowski, Jakub"]
[Result "1-0"]
[BlackElo "2363"]
[WhiteElo "2328"]
[LiveChessVersion "1.4.4"]

1. e4 {[%clk 1:29:14]} c5 {[%clk 1:30:42]} 2. Nf3 {[%clk 1:29:20]} d6
{[%clk 1:31:01]} 3. c3 {[%clk 1:29:45]} Nf6 {[%clk 1:31:00]} 4. Bd3
{[%clk 1:29:53]} Bg4 {[%clk 1:28:12]} 5. h3 {[%clk 1:29:46]} Bxf3
{[%clk 1:28:33]} 6. Qxf3 {[%clk 1:30:08]} Nc6 {[%clk 1:28:55]} 7. Bc2
{[%clk 1:30:04]} g6 {[%clk 1:29:04]} 8. O-O {[%clk 1:30:29]} Bg7 {[%clk 1:29:22]}
9. d3 {[%clk 1:28:54]} O-O {[%clk 1:29:36]} 10. Nd2 {[%clk 1:28:36]} b5
{[%clk 1:26:14]} 11. a4 {[%clk 1:20:17]} b4 {[%clk 1:25:08]} 12. Nc4
{[%clk 1:17:20]} d5 {[%clk 1:17:40]} 13. Nd2 {[%clk 1:01:43]} bxc3
{[%clk 1:10:30]} 14. bxc3 {[%clk 1:02:11]} d4 {[%clk 1:10:15]} 15. c4
{[%clk 0:58:16]} Rb8 {[%clk 1:09:37]} 16. Bd1 {[%clk 0:47:16]} Bh6
{[%clk 1:03:49]} 17. Qg3 {[%clk 0:45:22]} e5 {[%clk 1:03:49]} 18. Nb3
{[%clk 0:34:41]} Bxc1 {[%clk 1:03:59]} 19. Rxc1 {[%clk 0:35:05]} Nd7
{[%clk 1:00:16]} 20. h4 {[%clk 0:30:55]} Qe7 {[%clk 0:54:26]} 21. h5
{[%clk 0:30:00]} Rb7 {[%clk 0:54:39]} 22. Nd2 {[%clk 0:30:13]} Rfb8
{[%clk 0:48:22]} 23. Nf3 {[%clk 0:30:16]} Rb1 {[%clk 0:43:30]} 24. Rxb1
{[%clk 0:30:27]} Rxb1 {[%clk 0:43:53]} 25. Nh4 {[%clk 0:30:45]} Qf6
{[%clk 0:42:15]} 26. Qg4 {[%clk 0:26:48]} Nf8 {[%clk 0:35:22]} 27. g3
{[%clk 0:25:30]} Nb4 {[%clk 0:34:53]} 28. Be2 {[%clk 0:22:15]} Rxf1+
{[%clk 0:34:04]} 29. Kxf1 {[%clk 0:22:33]} Ne6 {[%clk 0:33:22]} 30. Kg2
{[%clk 0:19:28]} Kf8 {[%clk 0:31:36]} 31. Nf3 {[%clk 0:17:54]} Na2
{[%clk 0:31:14]} 32. Bd1 {[%clk 0:16:20]} Nc3 {[%clk 0:31:12]} 33. Bc2
{[%clk 0:16:06]} Ke7 {[%clk 0:30:51]} 34. hxg6 {[%clk 0:14:02]} hxg6
{[%clk 0:31:14]} 35. Qh3 {[%clk 0:10:57]} Kd6 {[%clk 0:30:24]} 36. Qh1
{[%clk 0:10:10]} Nd8 {[%clk 0:27:38]} 37. Qh3 {[%clk 0:08:18]} Kc7
{[%clk 0:26:56]} 38. Qh7 {[%clk 0:06:32]} Nc6 {[%clk 0:26:41]} 39. Qg8
{[%clk 0:05:40]} Nb4 {[%clk 0:20:47]} 40. Qa8 {[%clk 0:36:08]} Qb6
{[%clk 0:32:54]} 41. Nxe5 {[%clk 0:30:51]} Nxc2 {[%clk 0:32:51]} 42. a5
{[%clk 0:30:59]} Ne1+ {[%clk 0:19:06]} 43. Kf1 {[%clk 0:28:17]} Qe6
{[%clk 0:17:37]} 44. Qxa7+ {[%clk 0:27:53]} Kc8 {[%clk 0:17:30]} 45. Qxc5+
{[%clk 0:26:10]} Kb7 {[%clk 0:17:50]} 46. Kxe1 {[%clk 0:26:26]} Qh3
{[%clk 0:18:13]} 47. Qc6+ {[%clk 0:26:04]} Ka7 {[%clk 0:18:24]} 48. Qb6+
{[%clk 0:25:33]} Ka8 {[%clk 0:18:51]} 49. Qa6+ {[%clk 0:25:42]} Kb8
{[%clk 0:19:10]} 50. Nc6+ {[%clk 0:26:10]} Kc7 {[%clk 0:19:35]} 51. Qb6+
{[%clk 0:26:35]} Kc8 {[%clk 0:19:52]} 52. Qb8+ {[%clk 0:26:47]} Kd7
{[%clk 0:20:14]} 53. Qb7+ {[%clk 0:27:14]} Kd6 {[%clk 0:20:13]} 54. e5+
{[%clk 0:27:39]} Kd5 1-0

[Event "eytcc"]
[Site "?"]
[Date "2017.08.23"]
[Round "7.25"]
[White "Haring, Viktor"]
[Black "Thybo, Jesper Sondergaard"]
[Result "0-1"]
[BlackElo "2464"]
[WhiteElo "2317"]
[LiveChessVersion "1.4.4"]

1. e4 {[%clk 1:30:55]} e5 {[%clk 1:30:57]} 2. Nf3 {[%clk 1:31:10]} Nc6
{[%clk 1:31:23]} 3. Bb5 {[%clk 1:31:10]} a6 {[%clk 1:31:49]} 4. Ba4
{[%clk 1:31:14]} Nf6 {[%clk 1:32:14]} 5. O-O {[%clk 1:31:33]} Be7
{[%clk 1:32:40]} 6. Re1 {[%clk 1:31:38]} b5 {[%clk 1:33:01]} 7. Bb3
{[%clk 1:32:01]} d6 {[%clk 1:33:23]} 8. c3 {[%clk 1:32:24]} O-O {[%clk 1:33:47]}
9. h3 {[%clk 1:32:45]} Na5 {[%clk 1:34:04]} 10. Bc2 {[%clk 1:33:06]} c5
{[%clk 1:34:30]} 11. d4 {[%clk 1:33:29]} Nd7 {[%clk 1:34:51]} 12. d5
{[%clk 1:27:40]} Nb6 {[%clk 1:33:02]} 13. b3 {[%clk 1:25:14]} Bb7
{[%clk 1:31:03]} 14. Nbd2 {[%clk 1:21:49]} f5 {[%clk 1:28:37]} 15. exf5
{[%clk 1:16:50]} Bxd5 {[%clk 1:27:55]} 16. Ne4 {[%clk 1:15:19]} Rxf5
{[%clk 1:18:56]} 17. g4 {[%clk 0:39:20]} Rf8 {[%clk 1:14:25]} 18. Qd3
{[%clk 0:27:47]} c4 {[%clk 1:06:43]} 19. Qe3 {[%clk 0:13:45]} cxb3
{[%clk 1:05:44]} 20. axb3 {[%clk 0:14:04]} Nxb3 {[%clk 1:05:13]} 21. Neg5
{[%clk 0:07:32]} Rxf3 {[%clk 1:05:07]} 22. Bxh7+ {[%clk 0:04:07]} Kh8
{[%clk 1:05:20]} 23. Nxf3 {[%clk 0:04:26]} Kxh7 {[%clk 1:05:28]} 24. Qd3+
{[%clk 0:02:30]} e4 {[%clk 1:04:24]} 25. Qb1 {[%clk 0:00:38]} Nxa1
{[%clk 1:04:18]} 26. Rxe4 {[%clk 0:00:35]} Kg8 {[%clk 1:00:39]} 27. Nd4
{[%clk 0:00:33]} Bf6 {[%clk 0:59:42]} 28. g5 {[%clk 0:00:39]} Bxe4
{[%clk 0:57:07]} 29. Qxe4 {[%clk 0:00:59]} Qe8 {[%clk 0:57:26]} 30. Ne6
{[%clk 0:01:12]} Be5 {[%clk 0:57:29]} 31. Qg4 {[%clk 0:00:46]} Nb3
{[%clk 0:56:27]} 32. g6 {[%clk 0:00:36]} Nxc1 {[%clk 0:56:39]} 33. Nc7
{[%clk 0:00:34]} Qd7 {[%clk 0:55:27]} 34. Qh5 {[%clk 0:00:35]} Qxc7
{[%clk 0:55:47]} 35. f4 {[%clk 0:00:34]} Qc5+ {[%clk 0:55:50]} 0-1

[Event "eytcc"]
[Site "?"]
[Date "2017.08.23"]
[Round "7.26"]
[White "Percivaldi, Martin"]
[Black "Macko, Miroslav"]
[Result "0-1"]
[BlackElo "2304"]
[WhiteElo "2407"]
[LiveChessVersion "1.4.4"]

1. Nf3 {[%clk 1:30:57]} d5 {[%clk 1:30:39]} 2. g3 {[%clk 1:31:18]} c6
{[%clk 1:30:56]} 3. Bg2 {[%clk 1:31:39]} Bg4 {[%clk 1:31:16]} 4. O-O
{[%clk 1:32:00]} Nd7 {[%clk 1:31:41]} 5. h3 {[%clk 1:32:22]} Bh5 {[%clk 1:32:02]}
6. d4 {[%clk 1:32:43]} e6 {[%clk 1:31:39]} 7. c4 {[%clk 1:33:04]} Ngf6
{[%clk 1:30:33]} 8. cxd5 {[%clk 1:33:06]} exd5 {[%clk 1:30:49]} 9. Qb3
{[%clk 1:33:27]} Qb6 {[%clk 1:30:56]} 10. Qe3+ {[%clk 1:33:47]} Be7
{[%clk 1:31:19]} 11. Nh4 {[%clk 1:34:10]} Bg6 {[%clk 1:30:50]} 12. Nc3
{[%clk 1:34:28]} Qd8 {[%clk 1:31:04]} 13. b4 {[%clk 1:34:47]} a6 {[%clk 1:30:52]}
14. a4 {[%clk 1:33:13]} O-O {[%clk 1:31:13]} 15. Nxg6 {[%clk 1:33:37]} hxg6
{[%clk 1:31:35]} 16. Rb1 {[%clk 1:34:00]} b5 {[%clk 1:31:37]} 17. a5
{[%clk 1:27:55]} Re8 {[%clk 1:31:44]} 18. Qd3 {[%clk 1:26:29]} Rc8
{[%clk 1:28:03]} 19. Rd1 {[%clk 1:20:12]} Nf8 {[%clk 1:13:04]} 20. e4
{[%clk 1:17:43]} dxe4 {[%clk 1:11:03]} 21. Nxe4 {[%clk 1:17:54]} Nd5
{[%clk 1:10:16]} 22. Nc5 {[%clk 1:14:46]} Nxb4 {[%clk 0:42:36]} 23. Qb3
{[%clk 1:09:01]} Bxc5 {[%clk 0:40:48]} 24. dxc5 {[%clk 1:09:21]} Nd5
{[%clk 0:41:12]} 25. Be3 {[%clk 1:04:09]} Ne6 {[%clk 0:35:21]} 26. Bxd5
{[%clk 0:46:44]} cxd5 {[%clk 0:35:37]} 27. Qxd5 {[%clk 0:47:07]} Qxd5
{[%clk 0:29:33]} 28. Rxd5 {[%clk 0:47:29]} Red8 {[%clk 0:29:11]} 29. Rd6
{[%clk 0:40:39]} Rxd6 {[%clk 0:25:20]} 30. cxd6 {[%clk 0:41:03]} Rd8
{[%clk 0:25:29]} 31. Rd1 {[%clk 0:41:29]} Kf8 {[%clk 0:25:04]} 32. Bb6
{[%clk 0:41:13]} Rd7 {[%clk 0:17:21]} 33. Kg2 {[%clk 0:36:21]} Ke8
{[%clk 0:15:33]} 34. Kf3 {[%clk 0:34:16]} Rb7 {[%clk 0:12:21]} 35. Ke4
{[%clk 0:31:45]} Kd7 {[%clk 0:12:33]} 36. Kd5 {[%clk 0:26:09]} Rb8
{[%clk 0:12:32]} 37. Rd3 {[%clk 0:26:03]} Rh8 {[%clk 0:06:23]} 38. Rd1
{[%clk 0:13:15]} Rxh3 {[%clk 0:05:29]} 39. Be3 {[%clk 0:12:57]} Rh5+
{[%clk 0:04:57]} 40. Ke4 {[%clk 0:43:21]} Nc5+ {[%clk 0:31:14]} 41. Kf3
{[%clk 0:42:25]} Rf5+ {[%clk 0:29:14]} 42. Kg4 {[%clk 0:41:16]} Ne4
{[%clk 0:28:47]} 43. f4 {[%clk 0:39:46]} Rd5 {[%clk 0:28:03]} 44. Rc1
{[%clk 0:37:13]} Nxd6 {[%clk 0:27:52]} 45. Rh1 {[%clk 0:36:49]} Rd3
{[%clk 0:27:50]} 46. Bf2 {[%clk 0:36:41]} Ne4 {[%clk 0:26:38]} 47. Be1
{[%clk 0:37:05]} f5+ {[%clk 0:27:01]} 48. Kh3 {[%clk 0:37:31]} Rd1
{[%clk 0:26:34]} 49. Kg2 {[%clk 0:37:46]} Nc5 {[%clk 0:26:14]} 0-1

[Event "eytcc"]
[Site "?"]
[Date "2017.08.23"]
[Round "7.27"]
[White "Haring, Filip"]
[Black "Bjerre, Jonas"]
[Result "1/2-1/2"]
[BlackElo "2357"]
[WhiteElo "2258"]
[LiveChessVersion "1.4.4"]

1. e4 {[%clk 1:30:58]} c5 {[%clk 1:30:54]} 2. Nf3 {[%clk 1:31:20]} d6
{[%clk 1:31:20]} 3. d4 {[%clk 1:31:43]} cxd4 {[%clk 1:31:45]} 4. Nxd4
{[%clk 1:32:07]} Nf6 {[%clk 1:32:08]} 5. Nc3 {[%clk 1:32:29]} a6 {[%clk 1:32:31]}
6. Be2 {[%clk 1:32:37]} e5 {[%clk 1:31:45]} 7. Nf3 {[%clk 1:32:18]} Be7
{[%clk 1:31:09]} 8. Bg5 {[%clk 1:31:01]} Be6 {[%clk 1:27:37]} 9. Bxf6
{[%clk 1:22:19]} Bxf6 {[%clk 1:27:52]} 10. Nd5 {[%clk 1:15:12]} Nd7
{[%clk 1:25:44]} 11. O-O {[%clk 1:12:06]} Rc8 {[%clk 1:21:50]} 12. Nd2
{[%clk 1:09:46]} Bxd5 {[%clk 1:15:07]} 13. exd5 {[%clk 1:10:05]} O-O
{[%clk 1:14:50]} 14. c3 {[%clk 1:02:41]} Bg5 {[%clk 1:12:30]} 15. Ne4
{[%clk 1:00:19]} Qe7 {[%clk 1:10:35]} 16. Qa4 {[%clk 0:43:33]} Nc5
{[%clk 1:02:10]} 17. Nxc5 {[%clk 0:43:54]} Rxc5 {[%clk 1:02:32]} 18. c4
{[%clk 0:43:50]} f5 {[%clk 1:00:48]} 19. b4 {[%clk 0:43:09]} Rcc8
{[%clk 0:59:53]} 20. Qb3 {[%clk 0:37:49]} Kh8 {[%clk 0:55:24]} 21. Rfd1
{[%clk 0:35:27]} Rf6 {[%clk 0:52:03]} 22. Rab1 {[%clk 0:33:21]} b6
{[%clk 0:47:05]} 23. Qa3 {[%clk 0:27:02]} Qa7 {[%clk 0:43:51]} 24. c5
{[%clk 0:23:53]} bxc5 {[%clk 0:37:21]} 25. b5 {[%clk 0:18:54]} c4
{[%clk 0:34:11]} 26. b6 {[%clk 0:14:49]} Qb7 {[%clk 0:33:44]} 27. Qc3
{[%clk 0:08:35]} Rc5 {[%clk 0:31:19]} 28. Bxc4 {[%clk 0:07:58]} Rf8
{[%clk 0:25:45]} 29. Qd3 {[%clk 0:06:33]} Ra5 {[%clk 0:24:53]} 30. Qc3
{[%clk 0:04:19]} Rc5 {[%clk 0:24:52]} 31. Qb3 {[%clk 0:02:53]} Rfc8
{[%clk 0:23:16]} 32. Bf1 {[%clk 0:03:16]} g6 {[%clk 0:20:57]} 33. g3
{[%clk 0:01:51]} Bd8 {[%clk 0:17:50]} 34. Qa4 {[%clk 0:01:04]} Bxb6
{[%clk 0:15:00]} 35. Qh4 {[%clk 0:00:38]} Kg7 {[%clk 0:11:33]} 36. Bxa6
{[%clk 0:00:45]} Qxa6 {[%clk 0:11:31]} 37. Qe7+ {[%clk 0:01:12]} Kh6
{[%clk 0:10:38]} 38. Qh4+ {[%clk 0:00:42]} Kg7 {[%clk 0:10:57]} 39. Qe7+
{[%clk 0:01:02]} Kh6 {[%clk 0:11:03]} 1/2-1/2